000
00220nam a2200097Ia 4500
008
120527s9999 xx 000 0 und d
100
_a
CHILD,Brain.
245
_a
Parks in Transition.
260
_b
Earthscan.
942
_c
BK
999
_c
23793
_d
23793